Statistics for French translation

Click here to take the quiz!

General Stats

  • This quiz has been taken 42 times
    (31 since last reset)
  • The average score is 11 of 19

Answer Stats

HintAnswer% Correct
ThanksMerci
89%
My dogMon chien
85%
WelcomeBienvenue
81%
Good morningBonjour
78%
GoodbyeAurevoir
74%
I speak frenchJe parle français
67%
It's hot (wheather)Il fait chaud
63%
HappyJoyeux
63%
I am hungryJ'ai faim
63%
Where is Miguel ?Où est miguel
59%
I don't understandJe ne comprends pas
59%
It's rainingIl pleut
56%
He is tallIl est grand
52%
I'm from ToulouseJe suis de Toulouse
52%
I love youJe t'aime
52%
brian is in the kitchenBrian est dans la cuisine
41%
I love cakeJ'adore le gateau
37%
Can you give me the bread, please ?Peux tu me passer le pain, s'il te plait
26%
She's eating dessertElle mange du dessert
7%

Score Distribution

Percentile by Number Answered

Percent of People with Each Score

Your Score History

You have not taken this quiz since the last reset